Central Library OPAC University of Rajshahi
Normal view MARC view

Entry Personal Name

Number of records used in: 5

001 - CONTROL NUMBER

  • control field: 6260

003 - CONTROL NUMBER IDENTIFIER

  • control field: BD-RjUL

005 - DATE AND TIME OF LATEST TRANSACTION

  • control field: 20221211144537.0

008 - FIXED-LENGTH DATA ELEMENTS

  • fixed length control field: 221211|| aca||aabn | a|a d

040 ## - CATALOGING SOURCE

  • Original cataloging agency: BD-RjUL
  • Transcribing agency: BD-RjUL

100 ## - HEADING--PERSONAL NAME

  • Personal name: Wells, H. G.
  • Fuller form of name: (Herbert George),
  • Dates associated with a name: 1866-1946

670 ## - SOURCE DATA FOUND

  • Source citation: Work cat.: (BD-RjUL)80948: Wells, H. G. (Herbert George), 1866-1946., A short history of the world /, 1946 [reprinted 1953]